Presidents Born During Presidency Quiz Stats

Quiz not verified by Sporcle

Challenge
Share
Tweet
Embed
Score 0/19 Timer 05:00
0 Plays Today
President (Tenure) Future Presidents Born % Correct
John F. Kennedy (1/20/1961 - 11/22/163)Barack Obama
96.1%
George Washington (4/30/1789 - 3/4/1797)John Tyler, James Buchanan, James K. Polk
94.5%
Thomas Jefferson (3/4/1801 - 3/4/1809)Franklin Pierce, Andrew Johnson, Abraham Lincoln
94.5%
Harry S. Truman (4/12/1945 - 1/20/1953)George W. Bush, Bill Clinton
92.9%
Andrew Jackson (3/4/1829 - 3/4/1837)Chester A. Arthur, James A. Garfield, Benjamin Harrison
92.2%
Calvin Coolidge (8/2/1923 - 3/4/1929)George H.W. Bush, Jimmy Carter
92.2%
James Monroe (3/4/1817 - 3/4/1825)Ulysses S. Grant, Rutherford B. Hayes
91.8%
John Adams (3/4/1797 - 3/4/1801)Millard Fillmore
89%
Ulysses S. Grant (3/4/1869 - 3/4/1877)Calvin Coolidge, Herbert Hoover
85.9%
John Tyler (4/4/1841 - 3/4/1845)William McKinley
85.1%
President (Tenure) Future Presidents Born % Correct
Martin Van Buren (3/4/1837 - 3/4/1841)Grover Cleveland
81.6%
James Buchanan (3/4/1857 - 3/4/1861)William H. Taft, Theodore Roosevelt
75.7%
Theodore Roosevelt (9/14/1901 - 3/4/1909)Lyndon B. Johnson
74.5%
Woodrow Wilson (3/4/1913 - 3/4/1921)Gerald Ford, John F. Kennedy
74.5%
William H. Taft (3/4/1909 - 3/4/1913)Ronald Reagan, Richard Nixon
71%
Andrew Johnson (4/15/1865 - 3/4/1869)Warren G. Harding
66.3%
Chester A. Arthur (9/19/1881 - 3/4/1885)Franklin D. Roosevelt, Harry S. Truman
65.5%
Franklin Pierce (3/4/1853 - 3/4/1857)Woodrow Wilson
63.9%
Benjamin Harrison (3/4/1889 - 3/4/1893)Dwight D. Eisenhower
62.7%

You're not logged in!

Compare scores with friends on all Sporcle quizzes.
Join for Free
OR
Log In

You Might Also Like...

Show Comments

Extras

Top Quizzes Today


Score Distribution

Your Account Isn't Verified!

In order to create a playlist on Sporcle, you need to verify the email address you used during registration. Go to your Sporcle Settings to finish the process.

Report this User

Report this user for behavior that violates our Community Guidelines.

Details: